| 000 | 00765cam a2200229 a 4500 | ||
|---|---|---|---|
| 001 | 141026 | ||
| 005 | 20180226043500.0 | ||
| 008 | 980716s1999 nyua b 001 0 eng | ||
| 010 | _a 98060267 | ||
| 020 | _a1840460040 | ||
| 040 |
_aDLC _cDLC _dDLC |
||
| 041 | _aeng | ||
| 080 | _a150 BEN | ||
| 082 | 0 | 0 |
_a150 BEN _221 |
| 100 | 1 | _a48 | |
| 101 | _aPSI | ||
| 245 | 1 | 0 |
_aIntroducing psychology / _cNigel C. Benson and Simon Grove ; edited by Richard Appignanesi. |
| 504 | _aIncludes bibliographical references (p. [173]-[174]) and index. | ||
| 906 |
_a7 _bcbc _corignew _d2 _eopcn _f19 _gy-gencatlg |
||
| 942 |
_2ddc _cBK |
||
| 999 |
_c43425 _d43425 |
||